• 首页
  • 本馆介绍
  • 公告通知
  • 最新文献
  • 馆藏检索
  • 电子资源
  • 读者导购
  • 参考咨询
  • 我的图书馆
  • 登录
  • 详细信息显示
  • 放入我的书架
  • 预约/预借图书
  • 作者相关作品
  • 分类相关作品
  • 丛书相关作品
  • 出版社相关作品

书目信息

  • 表格格式
  • 工作单格式
  • 卡片格式
题名:
世界上古史
    
 
作者: 刘家和 主编
分册:  
出版信息: 长春   吉林人民出版社  1984.01
页数: 487页
开本: 21cm
丛书名:
单 册:
中图分类: K11
科图分类:
主题词: 世界史:上古史
电子资源:
ISBN:
000 00541nam0 2200205 45
001 0312221749
005 20040507112820.2
010    @dCNY2.30
100    @a20031222d1984 km y0chiy0120 ea
101    @achi
105    @a z 000yy
200 1  @a世界上古史@AShi Jie Shang Gu Shi@f刘家和主编@FLiu Jia He Zhu Bian
205    @a2版
210    @a长春@c吉林人民出版社@d1984.01
215    @a487页@c冠图@d21cm
606 0  @a世界史:上古史
690    @aK11@v3
701 0  @a刘家和@4主编
801    @aCN@bTSTCL@c20031222
905    @dK11@e35@f1@b147995
    
    世界上古史/刘家和主编.-2版.-长春:吉林人民出版社,1984.01
    487页:冠图;21cm
    
    
    ISBN :CNY2.30
    
●
相关链接 在E读中查询图书 在五车中查询图书 在当当中查询图书 在豆瓣中查询图书


正题名:世界上古史     索取号:K11/35         预约/预借

序号 登录号 条形码 馆藏地/架位号 状态 备注
1 0102709   001219470   密集书库/ [索取号:K11/35] 在馆    
2 0102711   001671989   密集书库/ [索取号:K11/35] 在馆    
3 0147965   001219452   第二借阅区/ [索取号:K11/35] 在馆    
4 0147993   001672078   密集书库/ [索取号:K11/35] 在馆    
5 0147995   001219452   密集书库/ [索取号:K11/35] 在馆    
唐山师范学院图书馆 欢迎您!
大连网信软件有限公司© 版权所有